000 00702nam a2200253 i 4500
001 C2-0344065
003 PPAK
005 20180728145047.0
008 171212s2017 my |||| ||||| | may d
020 _a9789674605704
040 _aPPAK
_beng
_cPPAK
_erda
082 0 4 _a899.233
_223
090 0 0 _a899.233
_bNAZ
_dG
100 0 _aNazrie Haslieanie,
_d1983-
_eauthor
245 1 0 _aRumah untuk disewa
264 1 _aKuala Lumpur :
_bInstitut Terjemahan & Buku Malaysia ,
_c2017
300 _a167 pages ;
_c18 cm
336 _2rdacontent
_atext
337 _2rdamedia
_aunmediated
338 _2rdacarrier
_avolume
650 1 0 _aMalay fiction.
700 0 _aZalila Isa,
_eeditor
942 _ddc
_cB
999 _c140827
_d140827